South Eastern Kenya University

Library Online Public Access Catalogue


Chemistry in non-aqueous solvents. (Record no. 2163)

MARC details
000 -LEADER
fixed length control field 00404cam a2200133 4500
020 ## - ISBN
International Standard Book Number 9027703892
050 00 - LIBRARY OF CONGRESS CALL NUMBER
Classification Number QD544.5
Item Number .S57
100 1# - MAIN ENTRY--Author
Personal name Trémillon, B.
245 10 - TITLE
Title Chemistry in non-aqueous solvents.
Statement of responsibility, etc [Translated from the French by N. Corcoran]
260 ## - PUBLICATION, DISTRIBUTION, ETC.(IMPRINT)
Place of publication, distribution, etc Dordrecht,
-- Boston,
Name of publisher, distributor, etc D. Reidel
Date of publication, distribution, etc [1974]
300 ## - PHYSICAL DESCRIPTION
Extent vi, 285 p.
500 ## - GENERALNOTE
General note Translation of La chimie en solvants non-aqueux.
942 ## - ADDED ENTRY ELEMENTS(KOHA)
Koha item type General circulation
Holdings
Source of classification or shelving scheme Not for loan Location (home branch) Sublocation (holding branch) Date accessioned Cost, normal purchase price Full call number Barcode Cost, replacement price Koha item type Public note
Library of Congress Classification   Main Campus Library Main Campus Library 27/08/2014 320.00 QD544.5 .S57 001438 820.00 General circulation JM
Kitui, Kenya.
+254736116989
library@seku.ac.ke